00321nam a2200109Ia 4500008004100000020001300041040002900054050002600083100002400109245004700133260003100180221021s9999||||xx |||||||||||||| ||und|| a73527726 cChuka University Library a BP 161.2 b.H87 2006 aHussain, Mir Zohair 0aGlobal studies: Islam and the Muslim world aDubuquebMcGrawhill c2006